000 00383nam a22001337a 4500
020 _a81-219-2463-4
082 _a330 DEW/MO
100 _aDr.K K Dewett
_aM H Navalur
245 _aModern Economic Theory
260 _aNew Delhi
_bShyam Lal Charitable Trust
_c2010
300 _a1000
650 _aprice theory of macro economics
_atheory of production
_aproduct pricing
942 _cBK
999 _c298782
_d298782